Countries That Start with G with Hints - Statistics

General Stats
  • This quiz has been taken 33 times
  • The average score is 9 of 11
Answer Stats
Hint Answer % Correct
It's called Deutschlandin its native language Germany
97%
In Asia Georgia
94%
English-speakingin South America Guyana
94%
A pig from there isa popular pet Guinea
87%
An island country Grenada
84%
Borders the above Guinea-Bissau
84%
Spanish-speaking Guatemala
77%
It can be this country'slanguage to someone Greece
71%
A CFA Franc isits currency Gabon
68%
Has a black staron its flag Ghana
65%
Has exactly 1 neighbour Gambia
61%
No matching quizzes found
Score Distribution
Percent of People with Each Score
Percentile by Number Answered
Your Score History
You have not taken this quiz